Catálogo
 En Linea

Quand le navire... (Registro nro. 34306)

Detalles MARC
000 -CABECERA
campo de control de longitud fija 00227nam a2200097 a 4500
005 - FECHA Y HORA DE LA ÚLTIMA TRANSACCIÓN
campo de control 20200930073924.0
008 - DATOS DE LONGITUD FIJA--INFORMACIÓN GENERAL
campo de control de longitud fija 111020s1929 000 spa d
040 ## - FUENTE DE LA CATALOGACIÓN
Centro catalogador/agencia de origen DO-SdBNP
245 #0 - MENCIÓN DE TÍTULO
Título Quand le navire...
260 ## - PUBLICACIÓN, DISTRIBUCIÓN, ETC.
Lugar de publicación, distribución, etc. Paris,
Fecha de publicación, distribución, etc. 1929.

No hay ítems disponibles.

Con tecnología Koha